Fenomenología de la vida afectiva : con dos textos inéditos en español de Edmund Husserl y Moritz Geiger /

La presente obra reune una serie de trabajos en los que se plantean reflexiones que giran en torno a las emociones y la fenomenología desde distintas perspectivas, entablando un diálogo con el pensamiento de intelectuales como Husserl, Moritz Geiger y Max Scheler. Los textos disertan sobre la afecti...

Fuld beskrivelse

Guardado en:
Bibliografiske detaljer
Hovedforfatter: Cabrera, Celia (edición)
Andre forfattere: Szeftel, Micaela (edición) (edición), Zirión Quijano, Antonio (presentación y traducción) (presentación y traducción)
Format: Bog
Sprog:spansk
Udgivet: Buenos Aires, Argentina : SB, 2021, c2021
Fag:
Online adgang:Ver documento en línea
Tags: Tilføj Tag
Ingen Tags, Vær først til at tagge denne postø!

MARC

LEADER 00000nam^a2200000^a^4500
001 000628226
005 20260325204506.0
009 20260407175328.634
020 |a 978-987-8384-14-6 
037 |a Acervo ITESO - Biblioteca 
041 |a ESP 
082 |a 142. 7  |b CAB 
100 |a Cabrera, Celia  |e (edición) 
245 1 0 |a Fenomenología de la vida afectiva :  |b con dos textos inéditos en español de Edmund Husserl y Moritz Geiger /  |c Ed. de C. Cabrera, M. Szeftel ; presen. y tr. por A. Zirión Quijano. 
264 4 |a Buenos Aires, Argentina :  |b SB,  |c 2021, c2021 
264 2 |a Birmingham, EUA :  |b EBSCOhost [distribución],  |c 2026 
300 |a 1 libro electrónico en línea (1 v. sin paginación) 
300 |a 1 recurso en línea 
336 |a datos para computadora  |b cod  |2 rdacontenido 
337 |a computadora  |b c  |2 rdamedio 
338 |a recurso en línea  |b cr  |2 rdasoporte 
506 1 |a 1 licencia 
520 |a La presente obra reune una serie de trabajos en los que se plantean reflexiones que giran en torno a las emociones y la fenomenología desde distintas perspectivas, entablando un diálogo con el pensamiento de intelectuales como Husserl, Moritz Geiger y Max Scheler. Los textos disertan sobre la afectividad y los sentimiento, el amor, el sufrimiento y la corporalidad. 
521 |a Peticiones 2026 
649 |a XX 
650 |a Amor -  |x Filosofía 
650 |a Dolor -  |z Filosofía 
650 |a Sentimientos -  |x Filosofía -  |x Tema Principal 
650 |a Emoción -  |x Filosofía 
650 |a Afectividad -  |x Filosofía 
650 |a Fenomenología -  |x Historia y Crítica -  |x Tema Principal 
650 |a Fenomenología -  |x Tema Principal 
650 |a Filosofía del Siglo XX -  |x Historia y Crítica 
650 |a Filosofía del Siglo XXI 
650 |a Geiger, Moritz 
650 |a Husserl, Edmund 
650 |a Scheler, Max 
700 |a Szeftel, Micaela  |e (edición) 
700 |a Zirión Quijano, Antonio  |e (presentación y traducción) 
856 4 0 |u http://ezproxy.iteso.mx/login?url=http://search.ebscohost.com/login.aspx?direct=true&scope=site&db=nlebk&db=nlabk&AN=4262175  |y Ver documento en línea 
910 |a Fondo General 
920 |a Electrónicos - Libros en Línea 
930 |a Plataforma Digital 
905 |a 205 
901 |a 628226-1  |b IT2  |c EBO  |i C  |u 20260210 
902 |a https://opac.biblio.iteso.mx/vufind/Record/000628226